00743nam a2200193Ia 4500008004100000020001500041050001700056100001900073245009400092250000600186260002300192300002500215440003800240504005200278650006600330700003000396952010600426999001700532120720s9999 xx 000 0 und d a9682435323 aP90 952 2000 aPiccini, Mabel aIntroducción a la pedagogía de la comunicación / Mabel Piccini y Ana María Nethol a2 aMéxico : Trillas a141 p. : il. / 20 cm aBiblioteca universitaria básica aIncluye referencias bibliográficas e índice a1. Comunicación 2. Comunicación -- Estudio y enseñanza aI. Nethol, Ana MaríaÌ 00104070a03b03d2001-05-15l1oP90 952 2000p03 005432r2013-08-07s2013-08-06t1w2012-07-20yLB c80819d80819